000 00711nam a22001817a 4500
008 130821s1986 ag gr spa
040 _aCo-BoUCM
_bspa
041 0 0 _aspa
060 _aWS 107.5
_bF939d
100 _aFrostig, Marianne
_9148156
245 0 0 _aDiscapacidades "especificas" de aprendizaje en niños
_bDetección y Tratamiento
_cMarianne Frostig ; Helmuth Muller
260 _aBuenos Aires (Argentina)
_bMédica Panamericana
_c[fecha desconocida]
300 _a181 páginas
500 _aTítulo original : Teilleistungetorungen Ihre Erkennung und behendlung Bei kindern
650 0 4 _aFonoaudiología
_916031
650 0 4 _aPsicología
_98001
942 _cLIBRO
_a26
_e1
_mF939D
_2NLM
_hWS 107.5
_n0
999 _c83556
_d83556